00753nam a22001697a 4500003000900000008004100009040007100050082001700121100002200138245007900160260006500239300002800304505018000332650002400512650002700536650002000563AR-CdUCM190304b ||||| |||| 00| 0 eng d aMUNICIPALIDAD PROVINCIAL DEL CUSCOcBIBLIOTECA MUNICIPAL DEL CUSCO a946.4 /bC18 aC. Calvo, Rossano aSan Sebastían:bAspectos de Patrimonio, Historia, Etnologia y Folklore / aCusco :bMunicipalidad Distrital de San Sebastián ,c2005. a270 páginas ;c21 cm. aContenido : Las Ceremonias -- La Propiedad del Trabajo -- Diego Quispe Tito -- La Iglesia de San Sebastián -- Ayarmaka Ayllu -- Los Danzantes -- Danzas en San Sebastián... aFolklore Cusqueño aCustumbres Cusqueñas aSan Sebastián